[Event "FACV-ch"]
[Site "Alcossebre"]
[Date "2022.06.16"]
[Round "7"]
[White "Navarro Molina, Carmelo Jose"]
[Black "Valmana Canto, Jaime"]
[Result "0-1"]
[WhiteElo "1832"]
[BlackElo "2388"]
[PlyCount "76"]
[EventDate "2022.06.12"]
[EventType "tourn"]
[EventRounds "7"]
[EventCountry "ESP"]
[EventCategory "1"]
[SourceTitle "CBM 208 Extra"]
[Source "ChessBase"]
[SourceDate "2022.07.31"]
[SourceVersion "1"]
[SourceVersionDate "2022.07.31"]
[SourceQuality "1"]

1. d4 Nf6 2. c4 g6 3. g3 Bg7 4. Bg2 0-0 5. Nc3 d6 6. Nf3 Nc6 7. 0-0 a6 8. Qd3 Rb8 9. d5 Na7 10. Be3 c5 11. dxc6 Nxc6 12. Rac1 Ng4 13. Qd2 Nxe3 14. Qxe3 Be6 15. b3 Qa5 16. Qd2 Rfd8 17. Nd5 Qxd2 18. Nxd2 Kf8 19. e3 Ne5 20. Nf4 Bd7 21. Nf3 Nxf3+ 22. Bxf3 e6 23. Rfd1 Ke7 24. Kf1 Rdc8 25. Nd3 Rc7 26. a4 Rbc8 27. Ke2 Be8 28. h4 h6 29. Rh1 Kd8 30. Rhd1 b5 31. axb5 axb5 32. c5 b4 33. Nxb4 Bb5+ 34. Ke1 Rxc5 35. Rxc5 Rxc5 36. Nd3 Rc2 37. Be2 Ke7 38. Rc1 Bxd3 0-1

[Event "FACV-ch"]
[Site "Alcossebre"]
[Date "2022.06.15"]
[Round "6"]
[White "Jordan Martinez, David"]
[Black "Navarro Molina, Carmelo Jose"]
[Result "1-0"]
[WhiteElo "2151"]
[BlackElo "1832"]
[PlyCount "105"]
[EventDate "2022.06.12"]
[EventType "tourn"]
[EventRounds "7"]
[EventCountry "ESP"]
[EventCategory "1"]
[SourceTitle "CBM 208 Extra"]
[Source "ChessBase"]
[SourceDate "2022.07.31"]
[SourceVersion "1"]
[SourceVersionDate "2022.07.31"]
[SourceQuality "1"]

1. d4 d5 2. c4 dxc4 3. e4 e5 4. Nf3 exd4 5. Bxc4 Bb4+ 6. Nbd2 Nc6 7. 0-0 Nf6 8. a3 Be7 9. e5 Nd5 10. h3 0-0 11. Nb3 Nb6 12. Bb5 Qd5 13. Bxc6 Qxc6 14. Nbxd4 Qg6 15. Qc2 Qxc2 16. Nxc2 c5 17. Ne3 Be6 18. Bd2 Nc4 19. Nxc4 Bxc4 20. Rfc1 Be6 21. Bg5 Bxg5 22. Nxg5 Rac8 23. Ne4 b6 24. f4 Rcd8 25. Nd6 f6 26. b4 g5 27. Ne4 fxe5 28. fxe5 Rf5 29. Re1 Kg7 30. Nd6 Rf4 31. bxc5 bxc5 32. Rab1 Rd7 33. Rb5 c4 34. Rc5 g4 35. hxg4 Rxg4 36. Ne8+ Kf8 37. Nf6 Rgd4 38. Nxd7+ Rxd7 39. Rb1 Kf7 40. a4 h5 41. a5 Bf5 42. Rf1 Ke6 43. Rxc4 Bd3 44. Rc6+ Kxe5 45. Rd1 Ke4 46. Rc5 Ke3 47. Rxh5 a6 48. Rh3+ Ke4 49. Rdxd3 Rxd3 50. Rxd3 Kxd3 51. Kh2 Ke4 52. Kh3 Kf5 53. Kh4 1-0

[Event "FACV-ch"]
[Site "Alcossebre"]
[Date "2022.06.14"]
[Round "4"]
[White "Macias Pino, Diego"]
[Black "Navarro Molina, Carmelo Jose"]
[Result "1-0"]
[WhiteElo "2356"]
[BlackElo "1832"]
[PlyCount "81"]
[EventDate "2022.06.12"]
[EventType "tourn"]
[EventRounds "7"]
[EventCountry "ESP"]
[EventCategory "1"]
[SourceTitle "CBM 208 Extra"]
[Source "ChessBase"]
[SourceDate "2022.07.31"]
[SourceVersion "1"]
[SourceVersionDate "2022.07.31"]
[SourceQuality "1"]

1. e4 c5 2. Nc3 Nc6 3. Bb5 Nd4 4. Nf3 a6 5. Bd3 g6 6. Nxd4 cxd4 7. Ne2 Bg7 8. c3 dxc3 9. dxc3 d6 10. 0-0 Nf6 11. c4 0-0 12. Be3 Ng4 13. Bd4 Bxd4 14. Nxd4 Ne5 15. Be2 Bd7 16. Qd2 Nc6 17. Nc2 Qb6 18. b4 Be6 19. Kh1 Rac8 20. Rac1 f6 21. a3 Kg7 22. h3 Rfd8 23. f4 Bf7 24. Rfd1 h5 25. Ne3 e6 26. Rc3 Ne7 27. Rd3 Qc7 28. Rxd6 Rxd6 29. Qxd6 Qxd6 30. Rxd6 Rc7 31. c5 Nc8 32. Rd8 Na7 33. Nc4 Nb5 34. e5 Nc3 35. Bf3 Nd5 36. g3 g5 37. fxg5 fxg5 38. Nd6 Kg6 39. Rb8 Nc3 40. Rxb7 Rxb7 41. Bxb7 1-0

[Event "FACV-ch"]
[Site "Alcossebre"]
[Date "2022.06.13"]
[Round "2"]
[White "Cruz Lledo, Pablo"]
[Black "Navarro Molina, Carmelo Jose"]
[Result "1-0"]
[WhiteElo "2438"]
[BlackElo "1832"]
[PlyCount "115"]
[EventDate "2022.06.12"]
[EventType "tourn"]
[EventRounds "7"]
[EventCountry "ESP"]
[EventCategory "1"]
[SourceTitle "CBM 208 Extra"]
[Source "ChessBase"]
[SourceDate "2022.07.31"]
[SourceVersion "1"]
[SourceVersionDate "2022.07.31"]
[SourceQuality "1"]

1. d4 d5 2. Nf3 Nf6 3. e3 Bg4 4. Be2 Nbd7 5. h3 Bxf3 6. Bxf3 c6 7. 0-0 e5 8. b3 e4 9. Be2 Bd6 10. Ba3 Qe7 11. Bxd6 Qxd6 12. c4 0-0 13. Nc3 Rfe8 14. Qc2 Qe7 15. Rfc1 Rac8 16. Qb2 h6 17. Rc2 a6 18. Rac1 Qd6 19. cxd5 Nxd5 20. Nxd5 Qxd5 21. b4 Nb6 22. Rc5 Qd8 23. Qb3 Qe7 24. a4 Nd7 25. R5c2 Nb6 26. Bg4 Ra8 27. b5 axb5 28. axb5 Qa3 29. Qxa3 Rxa3 30. bxc6 bxc6 31. Rxc6 Nd5 32. Rd6 Nf6 33. Be2 Ra2 34. Bc4 Ra7 35. Rc6 Kf8 36. Rb1 Rd8 37. Kh2 Ne8 38. g4 Rd6 39. Rc5 Rf6 40. Rb2 g5 41. Bf1 Re7 42. Bg2 Kg7 43. Kg3 Rd6 44. Rbb5 Nf6 45. Re5 Rde6 46. Rxe6 Rxe6 47. h4 gxh4+ 48. Kxh4 Nd7 49. Kg3 Nf6 50. Kf4 h5 51. gxh5 Kh6 52. Bh3 Ra6 53. Bg4 Ra2 54. Rb6 Rxf2+ 55. Kg3 Kg5 56. Rb5+ Kh6 57. Kxf2 Nxg4+ 58. Ke2 1-0

[Event "La Vila Region-ch"]
[Site "La Vila"]
[Date "2015.11.21"]
[Round "7.10"]
[White "Navarro Molina, Carmelo Jose"]
[Black "Pastor Briones, Jose"]
[Result "1-0"]
[WhiteElo "1932"]
[BlackElo "1838"]
[PlyCount "135"]
[EventDate "2015.10.03"]
[EventType "swiss"]
[EventRounds "7"]
[EventCountry "ESP"]
[SourceTitle "EXT 2024"]
[Source "ChessBase"]
[SourceDate "2023.10.10"]
[SourceVersion "1"]
[SourceVersionDate "2023.10.10"]
[SourceQuality "1"]

1. d4 Nf6 2. c4 c5 3. d5 b5 4. cxb5 a6 5. bxa6 Bxa6 6. Nc3 g6 7. g3 d6 8. Bg2 Bg7 9. Nf3 0-0 10. 0-0 Nbd7 11. Rb1 Ng4 12. Qc2 Nge5 13. b3 Nxf3+ 14. Bxf3 Ne5 15. Bg2 Qc7 16. Bb2 Rfb8 17. h3 Qa5 18. f4 Nd7 19. Na4 Bxb2 20. Rxb2 Qb4 21. Rfb1 Qd4+ 22. Kh2 Nf6 23. Rd1 Qb4 24. e4 Bb5 25. Nc3 Bd7 26. Qd2 Ra7 27. e5 Ne8 28. Ne4 c4 29. Qxb4 Rxb4 30. Rc1 cxb3 31. axb3 Rab7 32. exd6 exd6 33. Nd2 Nf6 34. Rc4 Ne8 35. Bf1 Nf6 36. Rxb4 Rxb4 37. Bc4 Bf5 38. Kg2 Be4+ 39. Nxe4 Nxe4 40. Kf3 Nc5 41. Ke3 Kg7 42. Kd4 h6 43. Kc3 Rb6 44. Re2 Kf8 45. b4 Nd7 46. b5 Rb7 47. Kb4 Rc7 48. Ra2 Nb6 49. Bb3 Rc5 50. Ra6 Nxd5+ 51. Bxd5 Rxd5 52. b6 Rd1 53. Kb5 Ke7 54. Kc6 Rc1+ 55. Kb7 Kd7 56. Kb8 Rc8+ 57. Ka7 Re8 58. Ra1 d5 59. b7 Kd6 60. b8Q+ Rxb8 61. Kxb8 d4 62. Ra5 h5 63. Kc8 f5 64. Kd8 Ke6 65. Ke8 g5 66. fxg5 h4 67. g6 Kf6 68. g7 1-0

[Event "La Vila Region-ch"]
[Site "La Vila"]
[Date "2015.10.24"]
[Round "3.4"]
[White "Navarro Molina, Carmelo Jose"]
[Black "Serarols Mabras, Bernat"]
[Result "0-1"]
[WhiteElo "1932"]
[BlackElo "2224"]
[PlyCount "111"]
[EventDate "2015.10.03"]
[EventType "swiss"]
[EventRounds "7"]
[EventCountry "ESP"]
[SourceTitle "EXT 2024"]
[Source "ChessBase"]
[SourceDate "2023.10.10"]
[SourceVersion "1"]
[SourceVersionDate "2023.10.10"]
[SourceQuality "1"]

1. d4 Nf6 2. c4 e6 3. g3 d5 4. Nf3 Bb4+ 5. Bd2 Be7 6. Bg2 0-0 7. 0-0 c6 8. cxd5 cxd5 9. Nc3 b6 10. Rc1 Bb7 11. Ne5 Nfd7 12. Nxd7 Qxd7 13. Qb3 Nc6 14. e3 Ba6 15. Rfd1 Bc4 16. Qa4 a6 17. Bf1 b5 18. Qc2 Rac8 19. Qb1 Rc7 20. Bxc4 bxc4 21. Ne2 Rb7 22. Bc3 Rfb8 23. Qa1 a5 24. Kg2 Rb5 25. Rc2 h6 26. Nc1 Qb7 27. a4 Rb6 28. Re2 Bb4 29. Rdd2 Qe7 30. Na2 Bd6 31. Rc2 Qd7 32. Nc1 Bb4 33. Na2 Ne7 34. Nc1 Qd6 35. Na2 Nf5 36. Nc1 Bxc3 37. bxc3 Rb1 38. Qa2 Qb6 39. Qa3 Nd6 40. f3 Qc6 41. Red2 g6 42. Rb2 R8xb2 43. Rxb2 Rxb2+ 44. Qxb2 Qxa4 45. Qb8+ Ne8 46. Ne2 Qd7 47. Nc1 Kh7 48. Qa8 Qb5 49. Kh3 Kg7 50. e4 dxe4 51. fxe4 Nf6 52. e5 Nd5 53. Ne2 Qb2 54. Nf4 Nxf4+ 55. gxf4 Qxc3+ 56. Kg4 0-1

[Event "La Vila Region-ch"]
[Site "La Vila"]
[Date "2015.10.17"]
[Round "2.6"]
[White "Ramos Ferrandis, Juan Carlos"]
[Black "Navarro Molina, Carmelo Jose"]
[Result "1/2-1/2"]
[WhiteElo "2062"]
[BlackElo "1932"]
[PlyCount "81"]
[EventDate "2015.10.03"]
[EventType "swiss"]
[EventRounds "7"]
[EventCountry "ESP"]
[SourceTitle "EXT 2024"]
[Source "ChessBase"]
[SourceDate "2023.10.10"]
[SourceVersion "1"]
[SourceVersionDate "2023.10.10"]
[SourceQuality "1"]

1. d4 d5 2. Nf3 Nf6 3. c4 dxc4 4. e3 Bg4 5. Bxc4 e6 6. 0-0 Nbd7 7. Nc3 Bb4 8. Be2 0-0 9. a3 Bxc3 10. bxc3 c5 11. Qb3 Qb6 12. Qxb6 Nxb6 13. h3 Bh5 14. g4 Bg6 15. Ne5 Bc2 16. Ra2 Bb3 17. Rb2 c4 18. Bd1 Na4 19. Bxb3 Nxb2 20. Bc2 Nd3 21. Nxd3 cxd3 22. Bxd3 Rac8 23. c4 Rc6 24. Bd2 Rfc8 25. Rb1 b6 26. a4 h6 27. Rb4 Ne8 28. d5 exd5 29. cxd5 Rc5 30. e4 Nd6 31. Be3 Rc3 32. Rd4 f6 33. Bd2 Rxd3 34. Rxd3 Nxe4 35. Be3 Kf7 36. a5 Nc5 37. Ra3 Rd8 38. axb6 axb6 39. Ra7+ Kg6 40. Rc7 Rxd5 41. Rc6 1/2-1/2

[Event "La Vila Region-ch"]
[Site "La Vila"]
[Date "2015.10.03"]
[Round "1.4"]
[White "Navarro Molina, Carmelo Jose"]
[Black "Lloret Ramis, Juan Jose"]
[Result "1/2-1/2"]
[WhiteElo "1932"]
[BlackElo "2192"]
[PlyCount "130"]
[EventDate "2015.10.03"]
[EventType "swiss"]
[EventRounds "7"]
[EventCountry "ESP"]
[SourceTitle "EXT 2024"]
[Source "ChessBase"]
[SourceDate "2023.10.10"]
[SourceVersion "1"]
[SourceVersionDate "2023.10.10"]
[SourceQuality "1"]

1. d4 Nf6 2. c4 e6 3. g3 d5 4. Nf3 Be7 5. Bg2 0-0 6. 0-0 dxc4 7. Qc2 a6 8. Qxc4 b5 9. Qc2 Bb7 10. Bd2 Bd5 11. Qc1 Nc6 12. Nc3 Nxd4 13. Nxd4 Bxg2 14. Nxe6 fxe6 15. Kxg2 b4 16. Na4 Qd5+ 17. Kg1 Bd6 18. Be3 Ng4 19. h3 Nxe3 20. Qxe3 Rf6 21. Qd3 Qh5 22. Kg2 Raf8 23. Rac1 Qf7 24. Qe3 Rg6 25. Nc5 Bf4 26. Qf3 Qe7 27. Qc6 Bxc1 28. Rxc1 Qf6 29. Nd3 Qf5 30. Rc5 Qf7 31. Qxc7 Qxc7 32. Rxc7 Rgf6 33. Rc6 e5 34. Rxf6 gxf6 35. Nxb4 a5 36. Nc6 a4 37. b3 axb3 38. axb3 Kf7 39. e3 Rc8 40. Na5 Rb8 41. Nc4 Rxb3 42. g4 Ke6 43. Nd2 Rb2 44. Ne4 Rb6 45. Ng3 Kd5 46. Nf5 Ke4 47. Kg3 Kd3 48. Ne7 Ke2 49. Nd5 Rd6 50. e4 Ra6 51. f4 Ra3+ 52. Kh4 exf4 53. Nxf4+ Kf3 54. Nd5 Ra6 55. g5 fxg5+ 56. Kxg5 h6+ 57. Kf5 Kg3 58. e5 Kxh3 59. e6 h5 60. e7 Ra8 61. Nc7 Rc8 62. Kg5 h4 63. e8Q Rxe8 64. Nxe8 Kg3 65. Nf6 h3 1/2-1/2

[Event "San Vicente IRT"]
[Site "San Vicente"]
[Date "2014.07.22"]
[Round "4.1"]
[White "Navarro Molina, Carmelo Jose"]
[Black "Fernandez Mira, Alonso"]
[Result "0-1"]
[WhiteElo "1896"]
[BlackElo "1670"]
[PlyCount "122"]
[EventDate "2014.07.21"]
[EventType "swiss"]
[EventRounds "8"]
[EventCountry "ESP"]
[SourceTitle "EXT 2024"]
[Source "ChessBase"]
[SourceDate "2023.10.10"]
[SourceVersion "1"]
[SourceVersionDate "2023.10.10"]
[SourceQuality "1"]

1. d4 Nf6 2. c4 e6 3. g3 Bb4+ 4. Bd2 Qe7 5. Bg2 0-0 6. a3 Bxd2+ 7. Nxd2 d6 8. Ngf3 e5 9. dxe5 dxe5 10. e4 a5 11. 0-0 a4 12. Qc2 Nc6 13. Qc3 Bg4 14. Rfe1 Rfd8 15. h3 Bh5 16. g4 Bg6 17. Nh4 Nd4 18. Nxg6 hxg6 19. Kf1 g5 20. Nf3 Nxf3 21. Bxf3 Nd7 22. Red1 Nc5 23. Rd5 Rxd5 24. cxd5 b6 25. Rd1 Qd6 26. Qc4 Ra5 27. Kg2 Qd7 28. Be2 Nb3 29. Qb4 Rc5 30. d6 cxd6 31. Qxb6 Nd4 32. Bd3 Qc7 33. Qb4 Qc6 34. Qb8+ Kh7 35. Qf8 Qc7 36. Qa8 Qc6 37. Qa7 f6 38. h4 gxh4 39. Rh1 Kg6 40. Rxh4 Ne6 41. Kg3 Nf4 42. Qa6 Qxa6 43. Bxa6 Rc2 44. Bb5 Rxb2 45. Bxa4 Ra2 46. Be8+ Kg5 47. Rh7 Rxa3+ 48. f3 g6 49. Rh2 Ne6 50. Bd7 Nd4 51. Rf2 Rd3 52. Bc8 f5 53. gxf5 gxf5 54. Bxf5 Nxf5+ 55. exf5 Kxf5 56. Re2 d5 57. Kf2 Kf4 58. Kg2 Rxf3 59. Rxe5 Kxe5 60. Kxf3 Kd4 61. Ke2 Kc3 0-1

[Event "San Vicente IRT"]
[Site "San Vicente"]
[Date "2014.07.21"]
[Round "1.4"]
[White "Duller Llopis, Jouke"]
[Black "Navarro Molina, Carmelo Jose"]
[Result "0-1"]
[WhiteElo "1380"]
[BlackElo "1896"]
[PlyCount "118"]
[EventDate "2014.07.21"]
[EventType "swiss"]
[EventRounds "8"]
[EventCountry "ESP"]
[SourceTitle "EXT 2024"]
[Source "ChessBase"]
[SourceDate "2023.10.10"]
[SourceVersion "1"]
[SourceVersionDate "2023.10.10"]
[SourceQuality "1"]

1. d4 d5 2. Nf3 Nf6 3. e3 Bg4 4. Be2 e6 5. Nbd2 Nbd7 6. c3 Bd6 7. h3 Bh5 8. 0-0 0-0 9. Qc2 Bg6 10. Bd3 Bxd3 11. Qxd3 h6 12. Re1 c5 13. e4 Nxe4 14. Nxe4 dxe4 15. Qxe4 Qc7 16. Be3 Nf6 17. Qd3 Rad8 18. Qe2 Nd5 19. dxc5 Bxc5 20. Bxc5 Qxc5 21. Rad1 Qa5 22. a3 Qc7 23. Qe5 Qxe5 24. Nxe5 Nb6 25. f4 Na4 26. Nd3 Rd6 27. Kf2 Rfd8 28. Ke2 Kf8 29. Rd2 Nc5 30. Red1 Nb3 31. Rc2 Nc5 32. Rcd2 Ne4 33. Rc2 Ng3+ 34. Ke3 f5 35. Rcd2 Ne4 36. Rc2 Ke7 37. Ke2 Nc5 38. Rcd2 Nb3 39. Rc2 a5 40. Nf2 Kf6 41. Rxd6 Rxd6 42. Nd3 g5 43. g3 b6 44. Ke3 a4 45. Re2 Rxd3+ 46. Kxd3 Nc1+ 47. Ke3 Nxe2 48. Kxe2 gxf4 49. gxf4 e5 50. Ke3 e4 51. Kd4 Ke6 52. h4 Kd6 53. h5 b5 54. Ke3 Kc5 55. Kd2 Kc4 56. Kc2 e3 57. Kc1 Kd3 58. Kd1 e2+ 59. Ke1 Ke3 0-1

[Event "Provincial-ch Elche"]
[Site "Elche"]
[Date "2013.10.05"]
[Round "1.4"]
[White "Navarro Molina, Carmelo Jose"]
[Black "Sanchez Barbado, Carlos"]
[Result "0-1"]
[WhiteElo "1915"]
[BlackElo "2154"]
[PlyCount "104"]
[EventDate "2013.10.05"]
[EventType "swiss"]
[EventRounds "7"]
[EventCountry "ESP"]
[SourceTitle "EXT 2024"]
[Source "ChessBase"]
[SourceDate "2023.10.10"]
[SourceVersion "1"]
[SourceVersionDate "2023.10.10"]
[SourceQuality "1"]

1. d4 f5 2. e4 fxe4 3. Nc3 Nf6 4. Bg5 b6 5. Bxf6 exf6 6. Qh5+ g6 7. Qd5 c6 8. Qxe4+ Qe7 9. Bd3 Qxe4+ 10. Bxe4 Bb4 11. Nge2 d5 12. Bf3 Na6 13. a3 Bd6 14. 0-0-0 Nc7 15. Rhe1 Kf7 16. g3 Bd7 17. h4 Rae8 18. Ng1 h5 19. Rxe8 Rxe8 20. Kd2 Bf5 21. Be2 Ne6 22. Nf3 Bf8 23. Kc1 b5 24. Bf1 a5 25. Ne2 Bg4 26. Nfg1 Nc7 27. Rd2 Bh6 28. f4 g5 29. hxg5 fxg5 30. Kb1 gxf4 31. Rd3 fxg3 32. Rxg3 Re3 33. Bh3 Rxg3 34. Nxg3 Be3 35. Bxg4 hxg4 36. N1e2 Ne6 37. c3 Nf4 38. Kc2 Nxe2 39. Nxe2 a4 40. b3 axb3+ 41. Kxb3 Kf6 42. a4 bxa4+ 43. Kxa4 Ke6 44. Kb4 Bg5 45. c4 Be7+ 46. c5 Bd8 47. Kc3 Kf5 48. Kd3 Bg5 49. Ng1 Kf4 50. Ne2+ Kf3 51. Nc3 g3 52. Ne2 Kf2 0-1

[Event "Benidorm op U2000 11th"]
[Site "Benidorm"]
[Date "2012.12.08"]
[Round "10"]
[White "Navarro Molina, Carmelo Jose"]
[Black "Zamora Soler, Raul"]
[Result "0-1"]
[WhiteElo "1919"]
[BlackElo "1998"]
[PlyCount "82"]
[EventDate "2012.11.30"]
[EventType "swiss"]
[EventRounds "10"]
[EventCountry "ESP"]
[SourceTitle "EXT 2014"]
[Source "ChessBase"]
[SourceDate "2013.11.20"]
[SourceVersion "1"]
[SourceVersionDate "2013.11.20"]
[SourceQuality "1"]

1. e4 e6 2. b3 c5 3. Bb2 Nc6 4. Nc3 Nf6 5. Nf3 e5 6. Bc4 Be7 7. d3 d6 8. h3 0-0 9. 0-0 a6 10. a4 Na5 11. Nd5 Nxc4 12. Nxf6+ Bxf6 13. dxc4 Be6 14. Nh2 Bg5 15. Bc1 Bxc1 16. Rxc1 f5 17. f3 Qe7 18. Qd2 Rad8 19. Rcd1 Qc7 20. exf5 Rxf5 21. Ng4 Rff8 22. Qe3 Bf5 23. Rd2 b5 24. axb5 axb5 25. cxb5 Bxg4 26. hxg4 c4 27. Rfd1 Kh8 28. Qc3 Qc5+ 29. Kh1 Rf6 30. Kh2 Rh6+ 31. Kg3 Qxb5 32. bxc4 Qe8 33. c5 Qe7 34. Kf2 Rh2 35. Rg1 d5 36. c6 d4 37. Qd3 Qc5 38. Qe4 Rh6 39. Re1 Re8 40. Qd3 Qxc6 41. Qxd4 exd4 0-1

[Event "Provincial-ch Xixona Preferente"]
[Site "Xixona"]
[Date "2012.10.20"]
[Round "2"]
[White "Navarro Molina, Carmelo Jose"]
[Black "Ramos Verdu, Juan Manuel"]
[Result "1-0"]
[WhiteElo "1919"]
[BlackElo "1583"]
[PlyCount "41"]
[EventDate "2012.10.06"]
[EventType "swiss"]
[EventRounds "7"]
[EventCountry "ESP"]
[SourceTitle "EXT 2024"]
[Source "ChessBase"]
[SourceDate "2023.10.10"]
[SourceVersion "1"]
[SourceVersionDate "2023.10.10"]
[SourceQuality "1"]

1. d4 Nf6 2. c4 e6 3. g3 b6 4. Bg2 d5 5. cxd5 exd5 6. Qc2 Bb7 7. Nf3 Be7 8. 0-0 0-0 9. Bf4 Bd6 10. Bxd6 Qxd6 11. Nc3 c6 12. Rfe1 Nbd7 13. e4 dxe4 14. Nxe4 Nxe4 15. Qxe4 Nf6 16. Qe7 Qxe7 17. Rxe7 Rab8 18. Ne5 Nd5 19. Bxd5 cxd5 20. Rc1 f6 21. Rcc7 1-0

[Event "Benidorm op U2200 10th"]
[Site "Benidorm"]
[Date "2011.12.04"]
[Round "3"]
[White "Tonus, Alex"]
[Black "Navarro Molina, Carmelo Jose"]
[Result "1-0"]
[WhiteElo "1965"]
[BlackElo "1870"]
[PlyCount "23"]
[EventDate "2011.12.02"]
[EventType "swiss"]
[EventRounds "10"]
[EventCountry "ESP"]
[SourceTitle "CBM 145 Extra"]
[Source "ChessBase"]
[SourceDate "2012.01.03"]
[SourceVersion "1"]
[SourceVersionDate "2012.01.03"]
[SourceQuality "1"]

1. e4 e6 2. d4 d5 3. Nc3 dxe4 4. Nxe4 Nd7 5. Nf3 Ngf6 6. Nxf6+ Nxf6 7. c3 c5 8. Ne5 a6 9. Bg5 cxd4 10. Qa4+ Bd7 11. Qxd4 Bc8 12. Qxd8+ 1-0

[Event "Benidorm op U2200 10th"]
[Site "Benidorm"]
[Date "2011.12.03"]
[Round "2"]
[White "Navarro Molina, Carmelo Jose"]
[Black "Esteban Amo, Jose M"]
[Result "1-0"]
[WhiteElo "1870"]
[BlackElo "1991"]
[PlyCount "99"]
[EventDate "2011.12.02"]
[EventType "swiss"]
[EventRounds "10"]
[EventCountry "ESP"]
[SourceTitle "CBM 145 Extra"]
[Source "ChessBase"]
[SourceDate "2012.01.03"]
[SourceVersion "1"]
[SourceVersionDate "2012.01.03"]
[SourceQuality "1"]

1. e4 c5 2. b3 Nc6 3. Bb2 d6 4. f4 Nf6 5. Nc3 g6 6. Bb5 Bd7 7. Nd5 Bg7 8. Nxf6+ Bxf6 9. Bxf6 exf6 10. Nf3 a6 11. Bc4 Be6 12. 0-0 0-0 13. Bd5 Bg4 14. Bxc6 bxc6 15. h3 Bxf3 16. Qxf3 d5 17. exd5 Qxd5 18. Qxd5 cxd5 19. Rfe1 Rfe8 20. Kf2 Re6 21. Re3 Rae8 22. c3 Kf8 23. Rae1 Re4 24. g3 f5 25. d3 R4e6 26. b4 cxb4 27. Rxe6 fxe6 28. cxb4 Ke7 29. Rc1 Kd6 30. d4 h6 31. Rc5 Rb8 32. a3 Rb5 33. h4 Kd7 34. Ke3 h5 35. Kd3 Rb6 36. Kc3 Rc6 37. Kb3 Rxc5 38. bxc5 Kc6 39. Kb4 Kb7 40. Ka5 Kc7 41. Kxa6 e5 42. fxe5 g5 43. hxg5 h4 44. g6 h3 45. g7 h2 46. g8Q h1Q 47. Qf7+ Kd8 48. e6 Qf1+ 49. Kb6 Qb1+ 50. Kc6 1-0

[Event "Almansa op-B 6th"]
[Site "Almansa"]
[Date "2011.08.11"]
[Round "5.2"]
[White "Perez Garcia, Jose Miguel"]
[Black "Navarro Molina, Carmelo Jose"]
[Result "1-0"]
[WhiteElo "1996"]
[BlackElo "1864"]
[PlyCount "167"]
[EventDate "2011.08.09"]
[EventType "swiss"]
[EventRounds "9"]
[EventCountry "ESP"]
[SourceTitle "EXT 2024"]
[Source "ChessBase"]
[SourceDate "2023.10.10"]
[SourceVersion "1"]
[SourceVersionDate "2023.10.10"]
[SourceQuality "1"]

1. d4 d5 2. Nf3 Nf6 3. g3 c6 4. Bg2 Bf5 5. 0-0 e6 6. c4 Be7 7. b3 0-0 8. Bb2 Nbd7 9. Nbd2 Ne4 10. e3 Re8 11. Qe2 Ndf6 12. Rfd1 Nxd2 13. Nxd2 Bb4 14. f3 Qe7 15. a3 Bd6 16. e4 dxe4 17. fxe4 Bg4 18. Bf3 Bxf3 19. Nxf3 e5 20. dxe5 Bc5+ 21. Kg2 Ng4 22. Re1 Rad8 23. h3 Nh6 24. b4 Bb6 25. Rad1 a5 26. c5 Bc7 27. Rxd8 Rxd8 28. Rd1 axb4 29. Rxd8+ Qxd8 30. axb4 Kf8 31. Bd4 Ng8 32. Qc4 h6 33. Nh4 Qe8 34. Qf1 Qe6 35. Qf5 Qa2+ 36. Bf2 Qe6 37. Ng6+ Ke8 38. Qxe6+ fxe6 39. Bd4 Kf7 40. Nf4 Ne7 41. Kf3 Nc8 42. Ke3 b5 43. cxb6 Nxb6 44. Bxb6 Bxb6+ 45. Kd2 Ke7 46. Nd3 Bd4 47. Kc2 h5 48. Kb3 g5 49. Kc4 Be3 50. g4 hxg4 51. hxg4 Kd7 52. Ne1 Bc1 53. Kc3 Be3 54. Nc2 Bc1 55. Kc4 Bb2 56. Nd4 Bc1 57. Nb3 Be3 58. Kd3 Bb6 59. Nd4 Bc7 60. Nf3 Bd8 61. Kc4 Be7 62. Nd4 Bf8 63. Nb3 Bg7 64. Nc5+ Ke7 65. Kd4 Bf8 66. Nb7 Kd7 67. Kc4 Be7 68. Na5 Bd8 69. Kd4 Be7 70. Kc3 Bd8 71. Kc4 Bc7 72. Kc5 Bxe5 73. Nxc6 Bd6+ 74. Kb5 Bc7 75. Na5 Bg3 76. Nc4 Kc7 77. Nb2 Kd6 78. Nd3 Kc7 79. Ka6 Kb8 80. Kb6 Bc7+ 81. Kc6 Bh2 82. Kd7 Kb7 83. Kxe6 Kb6 84. Kf5 1-0

[Event "Benidorm op U2000 07th"]
[Site "Benidorm"]
[Date "2008.12.02"]
[Round "4"]
[White "Navarro Molina, Carmelo Jose"]
[Black "Santos Ramos, Carlos"]
[Result "1/2-1/2"]
[WhiteElo "1908"]
[BlackElo "1999"]
[PlyCount "119"]
[EventDate "2008.11.29"]
[EventType "swiss"]
[EventRounds "9"]
[EventCountry "ESP"]
[SourceTitle "CBM 127 Extra"]
[Source "ChessBase"]
[SourceDate "2009.01.08"]
[SourceVersion "2"]
[SourceVersionDate "2009.01.28"]
[SourceQuality "1"]

1. e4 c5 2. Nf3 Nc6 3. d4 cxd4 4. Nxd4 Nf6 5. Nc3 d6 6. Be3 g6 7. f3 Bg7 8. Qd2 Nxd4 9. Bxd4 0-0 10. 0-0-0 Be6 11. g4 Qa5 12. Kb1 Rfc8 13. a3 a6 14. g5 Nh5 15. Bxg7 Kxg7 16. Nd5 Qxd2 17. Rxd2 Bxd5 18. Rxd5 Rc7 19. h4 Rac8 20. c3 Rc6 21. Bh3 R8c7 22. e5 Nf4 23. exd6 Nxd5 24. dxc7 Nxc7 25. Bg2 Rd6 26. Kc2 Nd5 27. Re1 Nf4 28. Bf1 e6 29. Re4 Nh5 30. Rb4 Rd7 31. Bd3 Ng3 32. Rb6 h6 33. b4 Re7 34. Kd2 Nf5 35. Bxf5 gxf5 36. f4 hxg5 37. hxg5 Kg6 38. c4 Kh5 39. Ke3 Kg4 40. c5 e5 41. fxe5 Kxg5 42. Kd4 Kf4 43. a4 Kg3 44. b5 axb5 45. axb5 f4 46. Rf6 f3 47. c6 bxc6 48. bxc6 f2 49. Kd5 Kg2 50. Rxf2+ Kxf2 51. Kd6 Re6+ 52. Kd5 Kf3 53. c7 Re8 54. Kd6 Kf4 55. e6 fxe6 56. Kd7 Rh8 57. Kxe6 Ke4 58. Kd7 Kd5 59. c8Q Rh7+ 60. Kd8 1/2-1/2